Designing Design /

Gespeichert in:
Bibliographische Detailangaben
Hauptverfasser: Hara, Kenya, Edelkoort, Li (Verfasst von), Maeda, John (Verfasst von), Morrison, Jasper (Verfasst von), Fukasawa, Naoto (Verfasst von)
Format: Buch
Sprache:Englisch
Veröffentlicht: Baden : Lars Müller Publishers, 2017
Ausgabe:5. vydanie
Schlagworte:
Tags: Tag hinzufügen
Keine Tags, Fügen Sie das erste Tag hinzu!

MARC

LEADER 00000nam a22000003a 4500
001 0089362
003 SK-STU
005 20210706135835.9
007 ta
008 210706s ----xo-----e------000-0-----d
020 |a 978-3-03778-105-0 
040 |a STU  |b slo 
041 0 |a eng 
044 |a sz 
100 1 |a Hara, Kenya 
245 1 0 |a Designing Design /  |c Kenya Hara; Li Edelkoort, John Maeda, Jasper Morrison, Naoto Fukasawa 
250 |a 5. vydanie 
260 |a Baden :  |b Lars Müller Publishers,  |c 2017 
300 |a 471 s. 
650 0 7 |a teória a tvorba dizajnu 
650 0 7 |a dizajn produktový 
650 0 7 |a Haptik 
650 0 7 |a Zmysly 
650 0 7 |a redizajn 
650 0 7 |a Japonsko 
650 0 7 |a MUJI 
650 0 7 |a farba a dizajn 
700 1 |a Edelkoort, Li  |4 aut 
700 1 |a Maeda, John  |4 aut 
700 1 |d Morrison, Jasper  |4 aut 
700 1 |a Fukasawa, Naoto  |4 aut 
996 |b 284AU08766  |c A* 12044/U  |l AAKNST  |s P  |a 0  |w 0089362_0001